00721nam a2200217Ia 4500003000900000008004100009020001800050040001600068080001100084100002600095245007100121260004200192300001300234650002800247650002500275650002400300650002900324942000700353999001700360952012600377IN-BaIIA211028s9999 xx 000 0 eng d a0-19-850745-3 cIIA Library a5bPAR aPark, Robert L926825 0aVoodoo sciencebthe road from foolishness to fraudcRobert L. Park aOxfordbOxford University Pressc2000 ax, 230p. aPerpetuum mobile926826 aPseudoscience926827 aThermodynamics9455 aVirtual astronaut926828 cBK c14872d14872 00104070aBANbBANcGENd2002-12-31eOUP g745.00l0o5/ PARp15794r2021-11-05v745.00w2002-12-31yBKGRs. 745.00